[Event "Banja Luka"]
[Site "Banja Luka"]
[Date "1981.04.??"]
[Round "?"]
[White "Sax, Gyula"]
[Black "Tseshkovsky, Vitaly"]
[Result "1/2-1/2"]
[WhiteElo "2560"]
[BlackElo "2530"]
[Annotator "Gagarin,V"]
[PlyCount "58"]
[EventDate "1981.04.13"]
[EventType "tourn"]
[EventRounds "11"]
[EventCountry "YUG"]
[EventCategory "9"]
[SourceTitle "MCL"]
[Source "ChessBase"]
[SourceDate "1999.07.01"]
[SourceVersion "1"]
[SourceVersionDate "1999.07.01"]
[SourceQuality "1"]

1. e4 e5 2. Nf3 d6 3. d4 exd4 4. Qxd4 Nf6 5. Bg5 Be7 6. Nc3 O-O 7. O-O-O Nc6 (
7... Be6 $6 8. e5 $5 dxe5 9. Qh4 $36) 8. Qd2 a6 $5 (8... h6 9. Bf4 Re8 10. h3
Bf8 11. Bd3 Ne5 12. Nxe5 dxe5 13. Bc4 Qxd2+ 14. Bxd2 c6 $10 {
Llorens-Koltanovsky/ESP/1935/}) (8... Be6 9. Kb1 (9. Nd4 Nxd4 $1 (9... h6 10.
Nxc6 (10. Nxe6 fxe6 11. Be3 Ng4 $1 $10) 10... bxc6 11. Bh4 $14 {Suetin}) 10.
Qxd4 c5 11. Qd2 Qa5 12. a3 (12. Kb1 $2 Nxe4 $1 $19) 12... a6 13. Kb1 {/\ Nd5}
Kh8 14. Bxf6 Bxf6 15. Nd5 Qxd2 16. Rxd2 Bd4 $1 $10 {/\ Bd5}) (9. Bb5 Nb4 $1 10.
e5 (10. Rhe1 Nxa2+ 11. Nxa2 Bxa2 12. b3 c6 13. Bf1 a5 14. Bxf6 Bxf6 15. e5 Be7
16. exd6 Bf6 17. Ne5 a4 18. Qb4 axb3 19. cxb3 c5 20. Qb5 Ra5 21. Qxb7 c4 $5 22.
Nxc4 Ra8 $44 {Ivanovic,B-Antoshin,V/Sochi/1979/0:1/43/}) (10. a3 c6 $5 (10...
a6 11. Be2 Nc6 $10) 11. Bd3 Nxd3+ 12. Qxd3 Qa5 $15 {Martin del Campo,R-Tisdall,
J/Manila ol/1992/0:1/42/}) 10... dxe5 11. Qe2 Qc8 12. Nxe5 c6 13. Bc4 Re8 14.
Rhe1 h6 15. Bh4 b5 16. Bxe6 Qxe6 17. Kb1 Nfd5 $36 {Fernandez Garcia,J-Dreev,A/
Logrono/1991/0:1 (34)/}) (9. h3 $5 a6 10. Kb1 (10. g4 b5 $13) 10... b5 11. Qf4
h6 12. Bxh6 $5 b4 13. Nd5 gxh6 14. Qxh6 Nxe4 15. h4 Re8 16. Ng5 Bf5 17. Nxe4
Bxe4 18. Bd3 Bxd3 19. Rxd3 Ne5 20. Rg3+ Ng6 21. h5 Bf8 22. Rxg6+ fxg6 23. Qxg6+
Kh8 24. Nf6 Qxf6 25. Qxf6+ $18 {Yuneev,A-Vorotnikov,V/Leningrad-ch/1980/1:0/35/
}) (9. h4 $5 a6 10. Qe1 Nd7 11. Kb1 Re8 12. Bxe7 Qxe7 13. Ng5 Rad8 14. f4 $36 {
Kupreichik,V-Laketic,G/Cattolica/1993/1:0/41/}) 9... a6 10. Bd3 Ne5 $10) 9. Kb1
b5 10. Bd3 (10. a3 $6 b4 (10... Rb8 $5) 11. axb4 Nxb4 $13) 10... Ne5 $1 11.
Nxe5 dxe5 12. f4 (12. Qe2 $5 Bd7 (12... b4 $6 13. Bxf6 bxc3 14. Bb5 $16) 13.
Bxf6 Bxf6 14. Nd5 $14) 12... c6 $1 13. fxe5 (13. f5 $6 b4 14. Ne2 Nxe4 $1 15.
Bxe4 Bxg5 16. Qxd8 Bxd8 17. Bxc6 Rb8 $15 {^^}) 13... Ng4 14. Bf4 Bc5 15. Be2
Qe7 $44 16. Bxg4 (16. Rhf1 Nxe5 $15) 16... Bxg4 17. Rdf1 a5 18. Nd1 $1 {
/\ Ne3-f5} b4 19. Ne3 Bxe3 20. Qxe3 a4 21. Qg3 $1 Bh5 22. Qg5 $1 Qxg5 23. Bxg5
Rfe8 24. Bf4 Bg6 25. Re1 f6 $1 {><e4} 26. exf6 $6 gxf6 27. b3 Bxe4 $15 28. Bd6
f5 29. Re2 (29. Bxb4 $2 axb3 30. axb3 Reb8 31. Bd6 Rxb3+ 32. Kc1 Rc3 $17) 29...
Ra5 (29... Ra5 30. Bxb4 Rb5 31. Bd6 axb3 32. axb3 Rxb3+ 33. Kc1 Rb5 34. Rd1 Ra8
35. Rd4 Ra1+ 36. Kd2 Ra2 $15 {^-_|_}) 1/2-1/2

[Event "Poikovsky Karpov 10th"]
[Site "Poikovsky"]
[Date "2009.06.03"]
[Round "1"]
[White "Gashimov, Vugar"]
[Black "Bologan, Viktor"]
[Result "1-0"]
[WhiteElo "2730"]
[BlackElo "2690"]
[Annotator "Gashimov,V"]
[PlyCount "53"]
[EventDate "2009.06.03"]
[EventType "tourn"]
[EventRounds "9"]
[EventCountry "RUS"]
[EventCategory "18"]
[SourceTitle "CBM 131"]
[Source "ChessBase"]
[SourceDate "2009.07.15"]
[SourceVersion "1"]
[SourceVersionDate "2009.07.15"]
[SourceQuality "1"]

{The first game in a tournament is always very important, as it sets the tone
for so much that follows. It is especially important not to have the first
game spoil one's mood.} 1. e4 d6 {I knew, that my opponent sometimes plays
this move, but I had not prepared for it specifically.} 2. d4 Nf6 3. Nc3 e5 4.
Nf3 Nbd7 5. Bc4 Be7 6. O-O O-O 7. a4 c6 8. Re1 {The main position of the
Philidor Defence.} a5 {After the game, Alexey Shirov told me that, when
analysing the Philidor recently for Chessbase, he pointed out that this plan
is inaccurate. As the present game and others played recently show, he was
correct. Another possible plan is 8. ...b6 followed by the development of the
bishop on b7.} 9. h3 exd4 10. Nxd4 Nc5 11. Bf4 {This position is well-known to
theory, but Black's next move surprised me.} Ne8 {After the game, I checked
the database and found two games with this move, but they were not of any
significance for theory.} 12. Be3 $1 $146 {I thought for 40 minutes before
playing this move. The point is that the idea of 11...Ne8 is to play 12...Ne6,
which if played immediately could be met by an exchange on e6 and then the
move e5. The move 12.Be3 was intended to prevent Black putting either knight
or bishop on e6.} Nxe4 $2 {It was extremely hard to resist this tempting move,
especially given that White's reply is quite unexpected.} (12... Be6 13. Nxe6
Nxe6) (12... Ne6 13. Nf5) 13. Nxe4 d5 14. Ng3 $1 dxc4 15. Ndf5 {Now Black has
big problems.} Be6 (15... Nf6 16. Bd4 Be6 17. Qf3 Re8 18. Nxg7 Qxd4 19. N3f5
Bxf5 20. Nxf5 Qxb2 21. Rab1 Bd6 22. Nxd6 Rxe1+ 23. Rxe1 $16) (15... Kh8 16. Qg4
Be6 (16... g6 17. Qd4+ $1 Bf6 18. Qxd8 Bxd8 19. Bc5 $18) 17. Rad1 Qc7 18. Bd4
Bf6 19. Bxf6 gxf6 20. Nh5 $1 Rg8 21. Qh4 Rg6 (21... Rd8 22. Nxf6) (21... Bxf5
$2 22. Rxe8) 22. Nd4 Bd5 23. Nf4 $16 {These variations show that Black had no
satisfactory way to escape from his difficult position.}) 16. Nxe7+ $1 Qxe7 17.
Ne4 {Black has no way to avoid material loss.} Qd8 (17... Rd8 18. Bc5) 18. Bc5
Nf6 19. Bxf8 Qxf8 ({More stubborn was} 19... Kxf8 {; here too White's position
is objectively winning, but without queens, Black has some chances of
surviving.}) 20. Nxf6+ gxf6 21. Qd4 Qd8 (21... f5 22. Ra3) 22. Qf4 f5 23. Qg3+
Kf8 24. Qe5 {Seizing an important diagonal!} Qg5 25. Re3 Qg7 (25... Rd8 26.
Qxa5) 26. Qd6+ Ke8 27. Rae1 {Black resigns. Thus I managed to start the
tournament in a good mood, which showed in my subsequent games.} 1-0

[Event "Griesheim GM"]
[Site "Griesheim"]
[Date "2002.01.25"]
[Round "3"]
[White "Glek, Igor Vladimirovich"]
[Black "Schmaltz, Roland"]
[Result "1-0"]
[WhiteElo "2601"]
[BlackElo "2534"]
[Annotator "Glek,I"]
[PlyCount "51"]
[EventDate "2002.01.23"]
[EventType "tourn"]
[EventRounds "9"]
[EventCountry "GER"]
[EventCategory "12"]
[SourceTitle "CBM 088"]
[Source "ChessBase"]
[SourceDate "2002.03.21"]
[SourceVersion "1"]
[SourceVersionDate "2002.03.21"]
[SourceQuality "1"]

1. e4 d6 2. d4 Nf6 3. Nc3 Nbd7 4. Nf3 e5 5. Bc4 Be7 6. O-O O-O 7. Re1 c6 8. a4
b6 9. Ba2 a6 10. Be3 {'!?' IG.} Ng4 11. Bd2 Ngf6 $1 (11... Bb7 12. Ne2 $1 d5 $2
(12... c5) 13. Ng3 dxe4 14. Rxe4 $1 Ndf6 15. Re1 c5 16. dxe5 Nd7 17. e6 Ndf6
18. exf7+ Kh8 19. h3 Nh6 20. Bxh6 gxh6 21. Nf5 Be4 22. Rxe4 Nxe4 23. Qe2 {
1-0 Glek,I-de Graaff,R/NLD-ch 97/98 1998/[IG] (23)}) 12. h3 (12. dxe5 dxe5 13.
Nh4 Nc5 (13... Nxe4 14. Nxe4 Bxh4 15. Qh5 $44) 14. Nf5 $13) 12... Rb8 13. Be3
b5 14. axb5 axb5 15. Nd2 Re8 (15... exd4 16. Bxd4 Re8 17. f4 b4 18. Ne2 c5 19.
Bf2 Bb7 20. Ng3 $13) 16. Ne2 Bf8 (16... d5 $5 17. Ng3 $14) 17. c3 d5 $6 18. Bg5
$1 h6 19. Bh4 g5 $2 (19... Be7 20. Bxf6 Bxf6 21. exd5 c5 22. dxc5 Nxc5 23. Qc2
$16) 20. Bg3 dxe4 21. dxe5 Nxe5 22. Nd4 $16 Bd7 $6 23. Nxe4 $18 Nxe4 (23... Nd5
24. Nxg5 $18) 24. Rxe4 Qf6 25. Rxe5 $1 Rxe5 26. Nf3 1-0

[Event "Griesheim GM"]
[Site "Griesheim"]
[Date "2002.01.30"]
[Round "8"]
[White "Glek, Igor Vladimirovich"]
[Black "Galdunts, Sergey"]
[Result "1-0"]
[WhiteElo "2601"]
[BlackElo "2510"]
[Annotator "Glek,I"]
[PlyCount "75"]
[EventDate "2002.01.23"]
[EventType "tourn"]
[EventRounds "9"]
[EventCountry "GER"]
[EventCategory "12"]
[SourceTitle "CBM 088"]
[Source "ChessBase"]
[SourceDate "2002.03.21"]
[SourceVersion "1"]
[SourceVersionDate "2002.03.21"]
[SourceQuality "1"]

1. e4 d6 2. d4 Nf6 3. Nc3 Nbd7 4. Nf3 e5 5. Bc4 Be7 6. O-O O-O 7. Re1 c6 8. a4
b6 9. b3 a6 10. Bb2 Qc7 11. h3 Bb7 12. Bd3 Rfe8 13. Ne2 Bf8 14. Ng3 g6 15. c3
Bg7 16. Qb1 (16. Qc2) 16... d5 $1 17. dxe5 Nxe4 18. Nxe4 dxe4 19. Bxe4 Nxe5 20.
Nxe5 Bxe5 (20... Qxe5 $5) 21. c4 Re6 22. Bf3 Rae8 23. Rxe5 Rxe5 24. Bxe5 Rxe5
$2 (24... Qxe5 $1 25. b4 a5 $1 (25... Qc3 26. b5 Qxc4 27. Qb2 $1 axb5 (27...
Ba8 28. bxc6) 28. axb5 Qe6 29. Rc1 (29. Qc3) (29. Ra7) 29... Rc8 30. Bg4 f5 31.
Bf3 $16) 26. bxa5 Qxa5 27. Qb2 (27. Qd1 Ba8 28. Qd7 Kf8) 27... Ba8 28. Qf6 c5
$11) 25. Qb2 $16 Re7 (25... Re8 $142 26. b4 (26. Rd1 c5 27. Bxb7 Qxb7 28. Qf6
b5 29. cxb5 axb5 30. a5 Qc7 (30... c4 31. Rd8) 31. a6 c4 32. bxc4 bxc4 33. Ra1
c3 34. a7 c2) 26... Bc8 27. Rd1 c5 28. b5 axb5 29. axb5 (29. cxb5 Bb7)) 26. Rd1
Rd7 27. Rxd7 Qxd7 28. Qe5 a5 29. Qb8+ Kg7 30. Qa7 Qc7 31. Be2 Kf6 32. c5 Qe7
33. Bf1 bxc5 34. Qxa5 Ke6 35. Qd2 Qd6 36. Bc4+ Ke7 37. Qxd6+ Kxd6 38. Bxf7 1-0

[Event "ISR-chT"]
[Site "Israel"]
[Date "2005.01.15"]
[Round "3"]
[White "Erenburg, Sergey"]
[Black "Golod, Vitali"]
[Result "1/2-1/2"]
[WhiteElo "2551"]
[BlackElo "2595"]
[Annotator "Golod,V"]
[PlyCount "85"]
[EventDate "2005.01.08"]
[EventType "team"]
[EventRounds "11"]
[EventCountry "ISR"]
[SourceTitle "CBM 105"]
[Source "ChessBase"]
[SourceDate "2005.04.11"]
[SourceVersion "1"]
[SourceVersionDate "2005.04.11"]
[SourceQuality "1"]

1. e4 e5 2. Nf3 d6 {It's my first game by black's pieces in Philidor defence.}
3. d4 exd4 4. Nxd4 Nf6 5. Nc3 Be7 6. Nde2 $5 {It's one of numerous
opportunities in this position.White's plan is: g3,Bg2 with the idea to
prevent a progress "d5".} O-O ({Is a possible continuations of the play:} 6...
c6 $5 7. a4 O-O 8. g3 d5 $1 9. exd5 $140 Bb4 $44 {For further details you can
see my comments to game: Berndt,S-Bacrot,E/Germany,2004/CBM 100(1/2-1/2)
(Huzman,A)(28)}) ({and} 6... Nc6 $5) 7. g3 c6 ({On:} 7... Re8 $5 {I have found
seven games in Mega DataBase 2005. For an example,you can see annotations to
most interesting of them: Bruzon,L-Nisipeanu,L/Juan Dolio,2003/Inf 89/272(0-1)
(Nisipeanu,L; Stoica,V)(42)}) ({Also were checked up in previous games:} 7...
b5) ({and} 7... Na6) 8. Bg2 Nbd7 {In my opinion,this continuation is better,
than:} (8... Re8 $6 {in view of:} 9. Bf4 {with strong pressure on the pawn
"d6".}) 9. a4 {Sergey Erenburg had a rather uneasy choice between it and
another continuation:} (9. O-O b5 $5 10. Nxb5 $140 {An interesting idea which
was mentioned by my contender after the game.} cxb5 11. e5 Nxe5 $8 12. Bxa8 Bg4
13. Bg2 Bf3 $1 $44 {[%csl Rg1][%cal Gd8a8]}) 9... Re8 10. O-O Bf8 $5 $146 {
Is paradoxical,but this logical move is a novelty.} ({The same position,with
rearrangement of moves,has met in one more game. But there was tested:} 10...
a5 11. h3 Bf8 12. g4 Nc5 13. Ng3 Qb6 14. Be3 Nfd7 (14... Qxb2 15. Bd4 Qb4 $13)
15. b3 g6 16. Bd4 Qc7 17. Qd2 Ne6 18. Be3 $14 {Grischuk,A-Bacrot,E/Cap d'Agde,
2003(1-0)(48)}) 11. Nf4 Ne5 $6 {After long meditation I have not decided on
the correct following continuations:} (11... Nc5 $5 12. Re1 $140 Bg4 $132 (
12... a5 $143 13. b3 $14)) (11... b6 $5 {/\a6,Rb8(or Bb7) and b5.}) 12. h3 $1 {
I at all did not expect this move,and hoped on more logical:} (12. b3 Bg4 $1
13. f3 $140 Bd7 {/\Qc7 =}) 12... b6 13. b3 a6 {I slightly clumsily have placed
of the pawns,but I prepare "b5".} 14. g4 Rb8 $6 {I have not guessed the
following move of my contender,differently I would play:} (14... Bb7 $5 15.
Nce2 $140 Ng6 $1 16. Nxg6 hxg6 17. Ng3 d5 $11) 15. Nce2 Ng6 16. Ng3 ({Leads to
favourable simplifications for Black:} 16. Nxg6 $6 hxg6 17. Ng3 d5 $11 18. Bf4
$140 Rb7 $1) 16... Nh4 {I am sure it's the "best parking" for my knight.} 17.
Bh1 $140 d5 $5 {The pleased courageous and responsible decision! I did not
want to be in passive protection up to the end of a game and consequently has
decided to sacrifice a pawn to make active all my pieces.} (17... Nd7 18. Be3
$14 {()}) 18. exd5 cxd5 ({It was possible to play a little bit more artfully:} 
18... Nxd5 $5 19. Nxd5 cxd5 20. Bf4 $6 (20. Qxd5 $142 {transfers to the game.})
20... Rb7 21. Qxd5 Rd7 $44) 19. Nxd5 Nxd5 {At once does not work the following
idea:} (19... Bb7 $2 {because of:} 20. Bg5 $1 Bxd5 21. Bxh4 $16) 20. Qxd5 (20.
Bxd5 $143 Qf6 21. Be3 Bb7 $44 {><f3}) 20... Qxd5 21. Bxd5 Bb7 $1 {For me it's
certainly favourable to exchange these bishops (><f3,Kg1). I expected for this
move,when I made 17...d5!?} 22. Bxb7 Rxb7 23. Be3 b5 $1 {The fixing of the
white's pawns of queen side - perhaps,sole way to struggle for a draw.} (23...
Bc5 $2 24. Bxc5 bxc5 25. Rfd1 Nf3+ (25... c4 26. Ne4 $1 {[%csl Rg8][%cal Ge4d6]
Postny,E}) 26. Kg2 Nd4 27. Rd2 $16) 24. axb5 axb5 25. Ra2 Rc7 {<->c; קc2} 26.
Ne2 $6 (26. Rd1 $5 Rec8 27. Ne4 $14) 26... h5 $1 {I break his pawns structure
of the king side, thus using a discrepancy of contender on the previous move.}
27. gxh5 ({Can be recommended:} 27. Nd4 $5 b4 $140 28. Rfa1 $1 hxg4 29. hxg4
Re4 30. Kf1 Rxg4 31. f3 $36 {[%cal Ga2a8]}) 27... Bc5 $1 {Now Black develop
the strong initiative,all their pieces are located ideally.} 28. Bxc5 (28. Bf4
$5 Rc6 $44) 28... Rxc5 29. c3 Rxh5 30. Rd1 {<->d} (30. Ng3 $143 Rd5 $44) 30...
Rg5+ 31. Kf1 {The last move of Black was directed against:} (31. Ng3 $6 {
which now considerably loses in force:} Nf5 $1 32. Rd5 $140 Re1+ 33. Kh2 Nh4 $1
34. Rd3 (34. Rxg5 Nf3+ 35. Kg2 Nh4+ $11) 34... Rd5 $1 $11) 31... Nf3 32. Ng3
Rd5 $1 {I could not refrain from such effective move.} 33. Raa1 (33. Rxd5 $2
Re1+ 34. Kg2 Nh4+ 35. Kh2 Nf3+ {with perpetual check.}) 33... Rd2 34. Rxd2 ({
Nothing changes:} 34. Kg2 Nh4+ 35. Kf1 Nf3) (34. b4 $5 g6 $44) 34... Nxd2+ 35.
Kg2 Nxb3 {I had no other worthy alternative:} (35... Rc8 $143 36. Ne2 Nxb3 $140
37. Rb1) (35... b4 $2 36. cxb4 Rb8 37. Ra4 $1 Nxb3 38. Ne4 {+/=/+/-}) 36. Rb1
Nc5 $1 37. Rxb5 $140 Nd3 {+/=/= It's ideal place for my knight.} 38. Nf5 (38.
Kf3 $5 Ne1+ 39. Kg4 Nd3 40. f4 Re3 $44 {[%csl Rc3,Rg4][%cal Gd3f2]}) 38... Re2
{After the game Sergey has admitted that has yawned this move.} 39. Kf3 Rc2 $1
({Unexpectedly leads to very hard position:} 39... Rxf2+ $2 40. Ke3 Rb2 41. c4
$1 $16) 40. Ne7+ Kf8 $8 (40... Kh7 $4 41. Rh5#) 41. Nf5 $11 ({After:} 41. Nd5 {
I have two ways of achievement of equality:} g6 {[%csl Rf2]} (41... Ke8 $5 42.
Rb7 Nxf2 43. Ne3 Ra2 44. Nf5 Nxh3 45. Nd6+ Kf8 46. Rxf7+ Kg8 $11) 42. Nb4 Rxc3
43. Nxd3 Rxd3+ 44. Kg2) 41... Kg8 42. Ne7+ Kf8 $8 43. Nf5 {We have won this
important match 4,5:1,5 (+3=3-0), and it has allowed my team to become the
leader of Israel Team Championship,after three rounds.} 1/2-1/2